| 000 | 02168cam a22005174i 4500 | ||
|---|---|---|---|
| 003 | PE-LiUPU | ||
| 005 | 20250731180130.0 | ||
| 008 | 150625s r 000 0 d | ||
| 035 | _a(Sirsi) a36276 | ||
| 040 |
_aPE-LiUPU _bspa _cPE-LiUPU _erda |
||
| 082 | 0 | 4 |
_a519.4 _bF16 _221 |
| 100 | 1 |
_aFaires, Douglas J., _eautor. |
|
| 245 | 1 | 0 |
_aMétodos numéricos / _cJ. Douglas Faires. |
| 250 | _a3a | ||
| 264 | 1 |
_aMadrid : _bThomson Editores Spain, _c2004. |
|
| 300 |
_a660 páginas : _bilustraciones, figuras, tablas ; _c24 cm. |
||
| 300 | _aCD-Rom | ||
| 336 |
_atext _2rdacontent |
||
| 337 |
_aunmediated _2rdamedia |
||
| 338 |
_avolume _2rdacarrier |
||
| 504 | _aIncluye referencias bibliográficas. | ||
| 505 | 0 | _aPreliminares matemáticos y análisis del error. -Resolución de ecuaciones de una variable. -Interpolación y aproximación polimonial. -Integración y derivación numéricas. -Resolución numérica de los problemas de valor inicial. -Métodos directos para resolver sistemas lineales. -Métodos iterativos para resolver sistemas lineales. -Teoría de la aproximación. -Aproximación de autovalores. -Resolución de sistemas de ecuaciones no lineales. -Problemas de contorno con ecuaciones diferenciales ordinarias. -Métodos numéricos para ecuaciones en derivados parciales. | |
| 526 | _aSEG44 | ||
| 526 | _aSEG26 | ||
| 526 | _aP159 | ||
| 526 | _aP155 | ||
| 526 | _aP154 | ||
| 526 | _aP153 | ||
| 526 | _aP150 | ||
| 526 | _aP100 | ||
| 526 | _aP31 | ||
| 526 | _aP30 | ||
| 526 | _aP26 | ||
| 526 | _aP25 | ||
| 526 | _aP24 | ||
| 526 | _aP22 | ||
| 526 | _aP15 | ||
| 526 | _aP10 | ||
| 541 | _g0014-013176; | ||
| 650 | 0 | 4 | _aMétodos numéricos. |
| 910 |
_baj _cnm _d20050706 |
||
| 942 |
_2ddc _cBOOK |
||
| 949 |
_a519.4 F16 _wDEWEY _c1 _i55436 _lCCODEBUL1 _mBUL _p31.00 _r0 _sY _tBOOK _u2015-06-25 _xINGENIERIA _PP27 _0COMPRA _o.STAFF. Colección General |
||
| 596 | _a1 | ||
| 999 |
_a519.4 F16 _wDEWEY _c44330 _i55436 _d44330 _e2018-5-24 _f2021-11-9 _g8 _lCCODEBUL1 _mBUL _n3 _p31.00 _q2 _r0 _sY _tBOOK _u2015-6-25 _xINGENIERIA _PP27 _0COMPRA _o.STAFF. Colección General |
||
| 980 |
_81 _gALBERTO SANCHEZ Responsable de Automatización |
||